| 000 | 00379nam a22001337a 4500 | ||
|---|---|---|---|
| 082 |
_a340 _bHAR |
||
| 100 | _aHarris Richard | ||
| 245 |
_aHints on Advocacy: _bConduct of cases Civil and Criminal/ _cRichard Harris |
||
| 250 | _a(Golden Edition,2022) | ||
| 260 |
_aLahore, _bLaw & Justice Book House |
||
| 300 |
_a218,p; _c24,cm |
||
| 650 |
_aLaw _935302 |
||
| 942 |
_2ddc _cBK |
||
| 999 |
_c613037 _d613037 |
||